20 años de Academia: los aportes del profesorado de Ciencias Jurídicas (Registro nro. 21918)

Detalles MARC
000 -LEADER
fixed length control field 00349 a2200109 4500
001 - CONTROL NUMBER
control field ART_62372
005 - DATE AND TIME OF LATEST TRANSACTION
control field 20260410161816.0
008 - FIXED-LENGTH DATA ELEMENTS--GENERAL INFORMATION
fixed length control field 260409a
100 1# - MAIN ENTRY--PERSONAL NAME
Personal name Devetac, Roald
245 10 - TITLE STATEMENT
Title 20 años de Academia: los aportes del profesorado de Ciencias Jurídicas
773 0# - HOST ITEM ENTRY
Title Academia
Related parts - Año 21, N° 42 (jul./dic. 2023)
Record control number REV4314

No hay ítems disponibles.